000 00674nam a2200193 i 4500
001 42025
003 ES-MaACL
005 20250808091329.0
007 t|
008 030312s1976 sp ||||1| spa d
100 1 _aCastán Vázquez, José María.
_936393
245 1 0 _aAlgunas cuestiones actuales del derecho de familia /
_cJosé María Castán Vázquez.
260 _aMadrid :
_b[s.n.,
_c1976] (
_fImp. San José)
300 _aP. [525]-554 ;
_c24 cm.
500 _aEs tirada aparte de Revista Crítica de Derecho Inmobiliario, nº 514, p. 525-554.
650 7 _aDerecho de familia
_2embne
_9138849
852 _aES-MaACL
_j2106-F-9
_bR.95218
999 _c42025
_d42025